00472 2200193 4500001002100000005001500021035002000036008004100056245004700097100002100144250000600165260003600171300001100207084001400218082000800232650001400240990001200254990001200266INLIS00000000000036520240503072505 a0010-0424000341240503 0 ind 1 aSeluk Beluk Sastra Lama /cNunung Yuli Eti aYuli Eti, Nunung a1 aKlaten :bIntan Pariwara,c2015 a76 hlm a410 NUN s a410 4aNon Fiksi a0728566 a0728567